SOLD OUT - Tayc feat Dadju - Statistiques

Statistiques générales
  • Ce quiz a été pris 94 fois
  • Le résultat moyen est 162 sur 220
Statistiques - réponses
Réponse % Correct
es
95%
à
94%
de
94%
tu
94%
Tu
94%
ma
92%
plus
92%
rien
92%
la
88%
le
88%
je
86%
Je
86%
Moi
86%
moi
86%
tout
86%
Tout
86%
sold out
85%
te
85%
mais
83%
dire
82%
Oh
82%
en
80%
ta
80%
Ta
80%
coeur
79%
défendre
79%
les
79%
vie
79%
Y a
79%
comme
77%
mon
77%
nuit
77%
d'mes
76%
est
76%
et
76%
Et
76%
j'n'ai
76%
que
76%
sais
76%
fier
74%
mes
74%
ciel
73%
déjà
73%
enfin
73%
favoris
73%
J'suis
73%
ne
73%
parler
73%
pas
73%
revenir
73%
sortie
73%
terre
73%
ce
71%
meilleure
71%
mer
71%
son
71%
tellement
71%
un
71%
dors
70%
Faut
70%
faut
70%
j'vis
70%
laisse
70%
maladie
70%
weed
70%
après
68%
Après
68%
guéri
68%
j'te
68%
l'odeur
68%
J'ai
67%
j'ai
67%
l'été
67%
relation
67%
sur
67%
ton
67%
toute
67%
c'est
65%
minuit
65%
cherche
64%
Dans
64%
Jungeli
64%
Pense
64%
puisque
64%
quatres
64%
saisons
64%
une
64%
maintenant
62%
nuits
62%
oui
62%
Oui
62%
si
61%
oublié
59%
sombre
59%
devient
58%
gâché
58%
s'passe
58%
t'es
58%
belle
56%
chanson
56%
jour
56%
m'as
56%
mois
56%
toutes
56%
dernière
55%
déteste
55%
ombre
55%
blase
53%
pardonne-moi
53%
jusqu'au
52%
place
52%
portait
52%
repeat
52%
nan
50%
d'Netflix
48%
paix
48%
revu
48%
fait
47%
pour
47%
retournée
45%
trouvé
45%
justifie
42%
qu'm'ambiancer
42%
d'janvier
39%
lover
33%
Aucun quiz correspondant
Distribution des résultats
% des personnes avec chaque résultat
Percentile par nombre de réponses
Votre historique - résultats
Vous n’avez pas pris ce quiz